| 000 | 00540nam a2200217Ia 4500 | ||
|---|---|---|---|
| 003 | OSt | ||
| 005 | 20230613142747.0 | ||
| 008 | 210423s2016 xx 000 0 und d | ||
| 020 | _a978-93-5004-026-3 | ||
| 040 | _cAL | ||
| 041 | _aeng | ||
| 082 |
_a658.421 _223 _bTREE |
||
| 100 |
_aTREHAN (Alpana) _984131 |
||
| 245 | _aEntrepreneurship | ||
| 260 |
_aNew Delhi _bDreamtech Press _c2016 |
||
| 300 |
_axviii,613 _bPB |
||
| 365 |
_b499 _cINR |
||
| 650 |
_aExecutive Management _984132 |
||
| 906 | _aEntrepreneurship | ||
| 942 |
_2ddc _cBK |
||
| 999 |
_c169252 _d169252 |
||